النبي الخاتم والدين الكامل وما لهما من أهمية في تاريخ الأديان والملل ;; alnabiu alkhatam waldiyn alkamil wama lahuma min 'ah /amiyat fi tarikh al'adyan walmalal (Record no. 81736)
[ view plain ]
| 000 -LEADER | |
|---|---|
| fixed length control field | 00848naa a2200193 a 4500 |
| 001 - CONTROL NUMBER | |
| control field | 81736 |
| 003 - CONTROL NUMBER IDENTIFIER | |
| rucl marc code | BD-RjUL |
| 005 - DATE AND TIME OF LATEST TRANSACTION | |
| control field | 20230822102707.0 |
| 008 - FIXED-LENGTH DATA ELEMENTS--GENERAL INFORMATION | |
| fixed length control field | 230822s1987 ii ||||| |||| 00| 0 ara d |
| 035 ## - SYSTEM CONTROL NUMBER | |
| System control number | (BD-RjUL)81736 |
| 040 ## - CATALOGING SOURCE | |
| Original cataloging agency | BD-RjUL |
| Language of cataloging | eng |
| Transcribing agency | BD-RjUL |
| 041 ## - LANGUAGE CODE | |
| Language code of text/sound track or separate title | eng |
| 082 ## - DEWEY DECIMAL CLASSIFICATION NUMBER | |
| Edition number | 23 |
| Classification number | 297.64 |
| Author mark and year | NAN 1987 |
| 245 14 - TITLE STATEMENT | |
| Title | النبي الخاتم والدين الكامل وما لهما من أهمية في تاريخ الأديان والملل ;; alnabiu alkhatam waldiyn alkamil wama lahuma min 'ah /amiyat fi tarikh al'adyan walmalal |
| Statement of responsibility, etc. | Abu Al-Hassan Ali Al-Hasani Al-Nadawi ;; أبو الحسن علي الحسني الندوي |
| 260 ## - PUBLICATION, DISTRIBUTION, ETC. (IMPRINT) | |
| Place of publication, distribution, etc. | : لكنؤ، الهند |
| Name of publisher, distributor, etc. | ,ك لالمجمع الإسلامي العلمي،، |
| Date of publication, distribution, etc. | 1987 |
| 300 ## - PHYSICAL DESCRIPTION | |
| Pagination | 45 p. ; |
| Size | 17 cm |
| 650 ## - SUBJECT ADDED ENTRY--TOPICAL TERM | |
| Topical term or geographic name as entry element | السيرة النبوية |
| 9 (RLIN) | 3943 |
| 942 ## - ADDED ENTRY ELEMENTS (KOHA) | |
| Source of classification or shelving scheme | Dewey Decimal Classification |
| Koha item type | Books |
| Lost status | Source of classification or shelving scheme | Damaged status | Not for loan | Collection code | Permanent Location | Current Location | Shelving location | Date acquired | Source of acquisition | Total Checkouts | Full call number | Date last seen | Copy number | Koha item type |
|---|---|---|---|---|---|---|---|---|---|---|---|---|---|---|
| Dewey Decimal Classification | Not For Loan | Non-fiction | Central Library, University of Rajshahi | Central Library, University of Rajshahi | Reading Room | 29/04/1992 | Abacus books , London | A 297.64 NAN 1987 | 22/08/2023 | C-1 | Books |